<?xml version="1.0" encoding="UTF-8"?>
<record
    xmlns:xsi="http://www.w3.org/2001/XMLSchema-instance"
    xsi:schemaLocation="http://www.loc.gov/MARC21/slim http://www.loc.gov/standards/marcxml/schema/MARC21slim.xsd"
    xmlns="http://www.loc.gov/MARC21/slim">

  <leader>00586nam a2200193 a 4500</leader>
  <datafield tag="999" ind1=" " ind2=" ">
    <subfield code="c">2303</subfield>
    <subfield code="d">2303</subfield>
  </datafield>
  <controlfield tag="001">2303</controlfield>
  <controlfield tag="003">CDMR</controlfield>
  <controlfield tag="005">20230905133143.0</controlfield>
  <controlfield tag="008">130130s1992||||||||||||||||||||||||||||d</controlfield>
  <datafield tag="020" ind1=" " ind2=" ">
    <subfield code="a">8420696528</subfield>
  </datafield>
  <datafield tag="040" ind1=" " ind2=" ">
    <subfield code="a">CDMR</subfield>
    <subfield code="b">cat</subfield>
    <subfield code="c">CDMR</subfield>
  </datafield>
  <datafield tag="100" ind1="1" ind2=" ">
    <subfield code="a">D&#xED;az, Lorenzo</subfield>
    <subfield code="9">1719</subfield>
  </datafield>
  <datafield tag="245" ind1="1" ind2="3">
    <subfield code="a">La radio en Espa&#xF1;a, 1923-1993 </subfield>
    <subfield code="c">/ Lorenzo D&#xED;az ; pr&#xF3;logo de M. V. Montalb&#xE1;n</subfield>
  </datafield>
  <datafield tag="260" ind1=" " ind2=" ">
    <subfield code="a">Madrid : </subfield>
    <subfield code="b">Alianza Editorial, </subfield>
    <subfield code="c">1992</subfield>
  </datafield>
  <datafield tag="300" ind1=" " ind2=" ">
    <subfield code="a">575 p. </subfield>
    <subfield code="c">; 29 cm </subfield>
    <subfield code="e">+ 1 CD</subfield>
  </datafield>
  <datafield tag="650" ind1="0" ind2="4">
    <subfield code="a">Radiodifusi&#xF3;</subfield>
    <subfield code="z">Espanya</subfield>
    <subfield code="9">1720</subfield>
    <subfield code="x">Hist&#xF2;ria</subfield>
  </datafield>
  <datafield tag="700" ind1="1" ind2=" ">
    <subfield code="a">V&#xE1;zquez Montalb&#xE1;n, Manuel</subfield>
    <subfield code="9">766</subfield>
  </datafield>
  <datafield tag="942" ind1=" " ind2=" ">
    <subfield code="c">MON</subfield>
    <subfield code="2">udc</subfield>
  </datafield>
  <datafield tag="952" ind1=" " ind2=" ">
    <subfield code="0">0</subfield>
    <subfield code="1">0</subfield>
    <subfield code="4">0</subfield>
    <subfield code="7">1</subfield>
    <subfield code="a">CDMR</subfield>
    <subfield code="b">CDMR</subfield>
    <subfield code="d">2013-01-16</subfield>
    <subfield code="l">1</subfield>
    <subfield code="m">1</subfield>
    <subfield code="o">Es /3</subfield>
    <subfield code="p">CDMR13107908        </subfield>
    <subfield code="r">2014-04-16</subfield>
    <subfield code="s">2014-03-04</subfield>
    <subfield code="w">2013-01-16</subfield>
    <subfield code="y">MON</subfield>
  </datafield>
</record>
